| 000 -LEADER |
| fixed length control field |
00320nam a22001457a 4500 |
| 008 - FIXED-LENGTH DATA ELEMENTS--GENERAL INFORMATION |
| fixed length control field |
221019b ||||| |||| 00| 0 eng d |
| 020 ## - INTERNATIONAL STANDARD BOOK NUMBER |
| International Standard Book Number |
0815125364 |
| 041 ## - LANGUAGE CODE |
| Language code of text/sound track or separate title |
eng |
| 080 ## - UNIVERSAL DECIMAL CLASSIFICATION NUMBER |
| Universal Decimal Classification number |
616.053 |
| 082 ## - DEWEY DECIMAL CLASSIFICATION NUMBER |
| Classification number |
616.053 |
| 100 ## - Rafti |
| Rafti |
14.2 |
| 101 ## - Shkurtesa |
| Shkurtesa |
PEDI |
| 245 ## - TITLE STATEMENT |
| Title |
PEDIATRIC CRITICAL CARE |
| Statement of responsibility, etc |
FUHRMAN B |
| 942 ## - ADDED ENTRY ELEMENTS (KOHA) |
| Source of classification or shelving scheme |
|
| Item type |
Books |